| 000 | 01755nam a2200253Ia 4500 | ||
|---|---|---|---|
| 008 | 260220t1978||||xx |||||||||||||| ||spa|| | ||
| 020 | _a8422609592 | ||
| 040 |
_aPY-SlUNAC _bspa _erda |
||
| 041 | _aspa | ||
| 082 |
_a612.6 _bH675i |
||
| 100 |
_aHite, Shere _eAutor |
||
| 245 | 0 |
_aEl Informe : _bestudio de la sexualidad femenina / _cpor Shere Hite [Autor] |
|
| 264 |
_aBarcelona : _bCírculo de Lectores, _c℗1978. |
||
| 300 | _a1 volumen | ||
| 520 | _aEn "El Informe", Shere Hite presenta un estudio exhaustivo sobre la sexualidad femenina, basado en una investigación amplia que incluye entrevistas y encuestas a miles de mujeres. Publicado en 1978, el libro desafía las percepciones tradicionales sobre la sexualidad, revelando la diversidad y complejidad de las experiencias femeninas. Hite explora temas como el deseo sexual, la satisfacción, las relaciones íntimas y la influencia de la sociedad en la sexualidad de las mujeres. A través de sus hallazgos, argumenta que la sexualidad femenina ha sido históricamente malinterpretada y estigmatizada, lo que lleva a una falta de comprensión de las necesidades y deseos de las mujeres. La obra se convierte en un referente clave para el estudio de la sexualidad, promoviendo un diálogo abierto y honesto sobre el placer y la identidad sexual. Además, Hite aboga por la importancia de la educación sexual integral que contemple la diversidad de experiencias femeninas, sentando las bases para futuras investigaciones en este campo. | ||
| 653 | _aEstudios de género | ||
| 653 | _aMujer | ||
| 653 | _aSexualidad | ||
| 942 |
_b2026/02/17 _cBK |
||
| 999 |
_c8437 _d8437 |
||